| 000 | 00641nam a22002057a 4500 | ||
|---|---|---|---|
| 003 | OSt | ||
| 005 | 20260112025853.0 | ||
| 008 | 260112b |||||||| |||| 00| 0 eng d | ||
| 020 | _a971-555-248-X | ||
| 040 |
_aDWCL - Main Lib _cOC |
||
| 082 | _aRes. 398.2 T161a 1998 | ||
| 100 | _aTan, Susie L. | ||
| 245 |
_aAsian hearts: _ba review of Filipino and chinese folk tales / _cSusie L. Tan |
||
| 260 |
_aManila: _bDe La Salle University Press, Inc., _cc1998. |
||
| 300 |
_ax, 190 p.: _c23 cm. |
||
| 504 | _a1.Includes bibliography. | ||
| 650 | _a1.Chinese folktales. | ||
| 650 | _a2.Filipino folktales. | ||
| 942 |
_2ddc _cBK-0 CIRC _mRes. _n0 |
||
| 999 |
_c7265 _d7265 |
||